| 000 | 00631nam a22002177a 4500 | ||
|---|---|---|---|
| 003 | OSt | ||
| 020 | _a9789385516191 | ||
| 082 |
_a631.586 _bDEV/IM |
||
| 245 | _aImproving productivity of drylands by sustainable resourses utilisation and management | ||
| 260 |
_aNew Delhi _bNew India publishing agency _c2016 |
||
| 300 | _axviii, 355 | ||
| 546 | _aEnglish | ||
| 650 | _aFeeding management | ||
| 650 | _aSoil fertility | ||
| 650 | _aGrowth and development of bambara ground nut | ||
| 700 | _aDevi Dayal | ||
| 700 | _aDeepesh Machiwal | ||
| 700 | _aShamsudheen Mangalassery | ||
| 700 | _aTripathi R S | ||
| 942 |
_2ddc _cBK |
||
| 999 |
_c155721 _d155721 |
||